Partial differential equations I : foundations of the classical theory
Αποθηκεύτηκε σε:
| Άλλοι συγγραφείς: | , |
|---|---|
| Μορφή: | Βιβλίο |
| Γλώσσα: | English Russian |
| Δημοσίευση: |
Berlin :
Springer-Verlag,
c1992.
|
| Σειρά: | Encyclopaedia of mathematical sciences ;
30 |
| Θέματα: | |
| Ετικέτες: |
Προσθήκη ετικέτας
Δεν υπάρχουν, Καταχωρήστε ετικέτα πρώτοι!
|
MARC
| LEADER | 00000cam a2200000 i 4500 | ||
|---|---|---|---|
| 001 | 1/27853 | ||
| 008 | 960507s1992 gw | ||| |||| ||eng|| | ||
| 020 | |a 3540520023 | ||
| 035 | |a 1995 |l 10037927 | ||
| 040 | |a GR-MyUa |b gre |e AACR2 | ||
| 041 | 1 | |a eng |h rus | |
| 082 | 7 | |a 515.353 |2 (22) | |
| 245 | 0 | 0 | |a Partial differential equations I : |b foundations of the classical theory / |c Yu. V. Egorov, M.A. Shubin (Eds.) ; [translator R. Cooke]. |
| 260 | |a Berlin : |b Springer-Verlag, |c c1992. | ||
| 300 | |a 259 σ. ; |c 24 εκ. | ||
| 490 | 1 | |a (Encyclopaedia of mathematical sciences ; |v 30) | |
| 504 | |a Περιλαμβάνει βιβλιογραφικές παραπομπές και ευρετήριο. | ||
| 650 | 0 | |a Differential equations, Partial. | |
| 700 | 1 | |a Egorov, IU. V. |q (IUrii Vladimirovich) |e edt | |
| 700 | 1 | |a Shubin, M. A. |q (Mikhail Aleksandrovich), |d 1944- |e edt | |
| 830 | 0 | |a Encyclopaedia of mathematical sciences ; |v 30 | |
| 852 | |a INST |b SAMOS |e 19960507 |h 515.353 PAR |p 005300005226 |q 005300005226 |t BK |y 0 | ||